Bike lights; Ресурсоэффективным технологиям - энергию и энтузиазм молодых

Detalles Bibliográficos
Parent link:Ресурсоэффективным технологиям - энергию и энтузиазм молодых.— 2015.— [С. 435-437]
Autor Principal: Осипова Я. Ю. Яна Юрьевна
Outros autores: Мозгалева П. И. Полина Игоревна (научный руководитель)
Summary:Заглавие с титульного экрана
Idioma:ruso
Publicado: 2015
Series:Инициативные проекты
Subjects:
Acceso en liña:http://earchive.tpu.ru/handle/11683/19332
http://www.lib.tpu.ru/fulltext/c/2015/C08/128.pdf
Formato: MixedMaterials Electrónico Capítulo de libro
KOHA link:https://koha.lib.tpu.ru/cgi-bin/koha/opac-detail.pl?biblionumber=612387

MARC

LEADER 00000naa2a2200000 4500
001 612387
005 20260422124954.0
035 |a (RuTPU)RU\TPU\conf\10509 
035 |a RU\TPU\conf\10506 
090 |a 612387 
100 |a 20150615d2015 k y0rusy50 ba 
101 0 |a rus 
102 |a RU 
135 |a drgn ---uucaa 
181 0 |a i  
182 0 |a b 
200 1 |a Bike lights  |f Я. Ю. Осипова  |g науч. рук. П. И. Мозгалева 
203 |a Текст  |c электронный 
225 1 |a Инициативные проекты 
300 |a Заглавие с титульного экрана 
320 |a [Библиогр.: с. 437 (7 назв.)] 
337 |a Adobe Reader 
463 1 |0 (RuTPU)RU\TPU\conf\10353  |t Ресурсоэффективным технологиям - энергию и энтузиазм молодых  |o сборник научных трудов VI Всероссийской конференции, г. Томск, 22-24 апреля 2015 г.  |f Национальный исследовательский Томский политехнический университет (ТПУ)   |v [С. 435-437]  |d 2015 
610 1 |a труды учёных ТПУ 
610 1 |a электронный ресурс 
610 1 |a велосипеды 
610 1 |a световые сигналы 
700 1 |a Осипова  |b Я. Ю.  |c специалист в области электроэнергетики  |c старший лаборант Томского политехнического университета  |f 1996-  |g Яна Юрьевна  |9 89069 
702 1 |a Мозгалева  |b П. И.  |c специалист в области информатики и вычислительной техники  |c эксперт Томского политехнического университета, ассистент  |f 1987-  |g Полина Игоревна  |4 727 
801 2 |a RU  |b 63413507  |c 20210119  |g RCR 
856 4 |u http://earchive.tpu.ru/handle/11683/19332 
856 4 |u http://www.lib.tpu.ru/fulltext/c/2015/C08/128.pdf 
942 |c CF